[Event "Navarra-chT"]
[Site "Navarra"]
[Date "2016.11.05"]
[Round "5.8"]
[White "Dorregarai Iparaguirre, Leire"]
[Black "Abaurrea San Juan, Xabier"]
[Result "1-0"]
[WhiteElo "1515"]
[BlackElo "1461"]
[PlyCount "143"]
[EventDate "2016.10.08"]
[EventType "team-tourn"]
[EventRounds "7"]
[EventCountry "ESP"]
[SourceTitle "CBM 175 Extra"]
[Source "ChessBase"]
[SourceDate "2016.12.12"]
[SourceVersion "1"]
[SourceVersionDate "2016.12.12"]
[SourceQuality "1"]
[WhiteTeam "Mikel Gurea"]
[BlackTeam "Arrano Elkartea"]
[WhiteTeamCountry "ESP"]
[BlackTeamCountry "ESP"]

1. e4 d6 2. d3 Nf6 3. Nf3 g6 4. g3 Bg7 5. Bg2 0-0 6. 0-0 Bg4 7. h3 Bd7 8. Nc3 c5 9. Be3 Bc6 10. Qd2 Qb6 11. Rab1 Nbd7 12. Nh2 Qc7 13. Bh6 Rad8 14. Bxg7 Kxg7 15. Nd5 Bxd5 16. exd5 b5 17. g4 Nb6 18. g5 Nfxd5 19. Ng4 e5 20. c3 Nf4 21. h4 Nbd5 22. Bxd5 Nxd5 23. f3 Nf4 24. Kf2 Nh5 25. Rh1 Qb6 26. Kg2 a5 27. b3 b4 28. c4 Qb7 29. Qe3 Qe7 30. Rbf1 f5 31. gxf6+ Nxf6 32. Qh6+ Kh8 33. Nxf6 Qxf6 34. h5 g5 35. Qxf6+ Rxf6 36. h6 Rf4 37. Rh3 Rdf8 38. Rhh1 R8f6 39. Rh3 Kg8 40. Rg3 R6f5 41. Rh1 Kf7 42. Rg1 Kg6 43. Kf2 Rh4 44. Ke3 Kxh6 45. Rg4 Rh3 46. R4g3 Rxg3 47. Rxg3 Rf4 48. Rh3+ Kg6 49. Rh1 h5 50. Ra1 g4 51. fxg4 Rxg4 52. Kf3 Kg5 53. Rh1 h4 54. Rh3 Rf4+ 55. Kg2 Kg4 56. Rh1 Rf3 57. Rxh4+ Kxh4 58. Kxf3 Kg5 59. Ke4 Kf6 60. Kd5 Ke7 61. Kc6 Ke6 62. Kb5 d5 63. Kxc5 d4 64. Kb6 e4 65. c5 e3 66. c6 e2 67. c7 e1Q 68. c8Q+ Kf6 69. Qh8+ Kf5 70. Qxd4 Qe6+ 71. Kxa5 Qe7 72. Qe4+ 1-0